000 00363nam a2200145Ia 4500
008 151213s9999 xx 000 0 und d
100 _aJiwei lon
245 _aMacroeconomics Reform in China
_cJiwei lon
260 _aWashington D.C
_bWorld Bank
_c1997
300 _a2049 p.
650 _aEconomics
650 _aEconomics
700 _aJiwei lon
999 _c1504
_d1504